| 000 | 00615nam a22001697a 4500 | ||
|---|---|---|---|
| 003 | OSt | ||
| 005 | 20260408151947.0 | ||
| 008 | 260408b |||||||| |||| 00| 0 eng d | ||
| 040 | _cMRSPTU | ||
| 041 | _aEnglish | ||
| 100 | _aSoni Joshi, Supervisor: Dr. Kawaljit Singh Sandhu | ||
| 245 | _aFunctional and Antioxidant Properties of Idli Prepared from Combination of White Rice, Black Rice and Black Gram | ||
| 260 |
_bDepartment of Food Science & Technology, MRSPTU, Bathinda _c2020 |
||
| 650 | _aFood Science and Technology | ||
| 856 | _uhttp://163.47.215.52:8080/jspui/handle/123456789/469 | ||
| 942 |
_2ddc _cTH _n0 |
||
| 999 |
_c11407 _d11407 |
||